[Event "12th EUR-ch"]
[Site "Aix-les-Bains FRA"]
[Date "2011.04.01"]
[Round "10.27"]
[White "Gabrielian, Artur"]
[Black "Sjugirov, Sanan"]
[Result "1/2-1/2"]
[WhiteElo "2532"]
[BlackElo "2643"]
[EventDate "2011.03.22"]
[PlyCount "131"]

1.d4 d5 2.c4 c6 3.Nf3 Nf6 4.Nc3 e6 5.e3 Nbd7 6.Bd3 dxc4 7.Bxc4 b5 8.Bd3 
Bb7 9.a3 b4 10.Ne4 Nxe4 11.Bxe4 bxa3 12.bxa3 Nf6 13.Bd3 Be7 14.O-O O-O 15.
Rb1 Qc7 16.e4 c5 17.Qc2 Rac8 18.e5 Nd5 19.Bxh7+ Kh8 20.dxc5 Qxc5 21.Qd3 
Nb6 22.Be4 Bxe4 23.Qxe4 Qc2 24.Qxc2 Rxc2 25.Be3 Bxa3 26.Bxb6 axb6 27.Rxb6 
Bc5 28.Rb7 Ra8 29.h4 Ra7 30.Rxa7 Bxa7 31.g3 g6 32.Kg2 Kg7 33.Nh2 Rc4 34.f4
Rc2+ 35.Kh3 Bc5 36.Rd1 Rc3 37.Ng4 Be3 38.Kg2 Rc2+ 39.Kf3 Bd2 40.Nf6 Rb2 
41.Ne4 Bb4 42.Rd7 Rb3+ 43.Kg4 Be1 44.Rd4 Re3 45.Rc4 Kh6 46.Kh3 Re2 47.Nf6 
Kg7 48.h5 gxh5 49.Nxh5+ Kg6 50.g4 Re3+ 51.Kg2 Rc3 52.Ra4 Rc8 53.Kf3 Bh4 
54.Ke4 Rb8 55.Ra3 Be7 56.Rd3 Bh4 57.Kf3 Rb2 58.Ng3 Bxg3 59.Kxg3 Rb1 60.Rd8
Rg1+ 61.Kf3 Rf1+ 62.Ke3 Kg7 63.Rd2 Kg6 64.Rf2 Rg1 65.Kf3 Ra1 66.Re2 
1/2-1/2

[Event "12th EUR-ch"]
[Site "Aix-les-Bains FRA"]
[Date "2011.04.01"]
[Round "10.28"]
[White "Esen, Baris"]
[Black "Pashikian, Arman"]
[Result "1/2-1/2"]
[WhiteElo "2528"]
[BlackElo "2642"]
[EventDate "2011.03.22"]
[PlyCount "70"]

1.d4 Nf6 2.c4 e6 3.Nf3 d5 4.Nc3 Bb4 5.Bg5 h6 6.Bxf6 Qxf6 7.Qb3 c5 8.cxd5 
exd5 9.e3 O-O 10.dxc5 Bxc3+ 11.Qxc3 Qxc3+ 12.bxc3 Nd7 13.Rd1 Nxc5 14.Rxd5 
b6 15.Rd4 Be6 16.c4 Rac8 17.g4 f6 18.h4 Rc7 19.Be2 Na4 20.Kd2 Nb2 21.Kc3 
Nxc4 22.Bxc4 Rfc8 23.Nd2 b5 24.Kb4 Bxc4 25.Nxc4 Rxc4+ 26.Rxc4 Rxc4+ 27.
Kxb5 Rxg4 28.Rh2 h5 29.a4 Kh7 30.a5 Kh6 31.Ka6 Ra4 32.f4 g5 33.hxg5+ fxg5 
34.fxg5+ Kxg5 35.e4 h4 1/2-1/2

[Event "12th EUR-ch"]
[Site "Aix-les-Bains FRA"]
[Date "2011.04.01"]
[Round "10.29"]
[White "Khalifman, Alexander"]
[Black "Wirig, Anthony"]
[Result "1-0"]
[WhiteElo "2637"]
[BlackElo "2480"]
[EventDate "2011.03.22"]
[PlyCount "77"]

1.d4 Nf6 2.c4 e6 3.Nc3 Bb4 4.Nf3 O-O 5.Bg5 d5 6.e3 h6 7.Bh4 c5 8.cxd5 exd5
9.dxc5 g5 10.Bg3 Ne4 11.Rc1 Nc6 12.Bd3 Bg4 13.O-O Bxc3 14.bxc3 Qf6 15.c4 
Nxg3 16.fxg3 dxc4 17.Bxc4 Rad8 18.Qc2 Bf5 19.Nxg5 Bxc2 20.Rxf6 hxg5 21.
Rxc2 Kg7 22.Rf1 Ne5 23.Be2 Rd7 24.Rd1 Rxd1+ 25.Bxd1 Rc8 26.Bf3 Rc7 27.Kf1 
Nd7 28.Ke2 Rxc5 29.Rxc5 Nxc5 30.Kd2 Kf6 31.Kc3 b6 32.h4 Kf5 33.g4+ Ke5 34.
h5 Ne6 35.h6 Kf6 36.Be4 Nc7 37.Bf5 Nd5+ 38.Kd4 Nb4 39.e4 1-0

[Event "12th EUR-ch"]
[Site "Aix-les-Bains FRA"]
[Date "2011.04.01"]
[Round "10.30"]
[White "Guliyev, Namig"]
[Black "Salgado Lopez, Ivan"]
[Result "1/2-1/2"]
[WhiteElo "2522"]
[BlackElo "2630"]
[EventDate "2011.03.22"]
[PlyCount "135"]

1.e4 c5 2.Nf3 Nc6 3.d4 cxd4 4.Nxd4 Qb6 5.Nb3 Nf6 6.Nc3 e6 7.Be3 Qc7 8.f4 
d6 9.g4 a6 10.g5 Nd7 11.Bg2 b5 12.a4 b4 13.Ne2 Be7 14.O-O h6 15.gxh6 Rxh6 
16.f5 Rh7 17.fxe6 fxe6 18.Nf4 Nde5 19.Nd4 Nxd4 20.Bxd4 Bd7 21.c3 bxc3 22.
bxc3 Rb8 23.Qe2 Qc4 24.Qe3 g5 25.Qg3 Nc6 26.Be3 Qxc3 27.Ng6 Rb3 28.Rae1 
Ne5 29.Nxe7 Rxe7 30.Qxg5 Bc6 31.Qg8+ Kd7 32.Bg5 Re8 33.Qh7+ Kc8 34.Rc1 Qb4
35.Kh1 Qb7 36.Qh5 Kb8 37.Bf4 Rg8 38.Bxe5 Bxe4 39.Bxd6+ Ka8 40.Rf8+ Rxf8 
41.Bxf8 Bxg2+ 42.Kg1 Qd7 43.Qe5 Bc6 44.Bd6 Qa7+ 45.Qc5 Qxc5+ 46.Rxc5 Bxa4 
47.h4 Kb7 48.h5 Bc6 49.h6 Rh3 50.Bf4 Kb6 51.Rc2 Rh1+ 52.Kf2 Be4 53.Rb2+ 
Kc6 54.Ke3 Bf5 55.Rh2 Re1+ 56.Kd2 Re4 57.Be3 Ra4 58.Rh5 Ra2+ 59.Kc1 Re2 
60.Bd2 Bh7 61.Ra5 Kb6 62.Rg5 Rh2 63.Be3+ Kc6 64.Rc5+ Kb7 65.Rc7+ Kxc7 66.
Bf4+ Kc6 67.Bxh2 a5 68.Kb2 1/2-1/2

[Event "12th EUR-ch"]
[Site "Aix-les-Bains FRA"]
[Date "2011.04.01"]
[Round "10.31"]
[White "Vedmediuc, Serghei"]
[Black "Lupulescu, Constantin"]
[Result "0-1"]
[WhiteElo "2422"]
[BlackElo "2626"]
[EventDate "2011.03.22"]
[PlyCount "52"]

1.e4 c5 2.Nf3 d6 3.d4 cxd4 4.Nxd4 Nf6 5.f3 e5 6.Nb3 a5 7.Bb5+ Bd7 8.Bxd7+ 
Nbxd7 9.c4 b5 10.cxb5 a4 11.N3d2 d5 12.exd5 Bc5 13.Nc3 O-O 14.Nxa4 Ba7 15.
Nc4 e4 16.f4 e3 17.b3 Re8 18.Qe2 Nxd5 19.O-O Qf6 20.Bb2 Nxf4 21.Qf3 e2+ 
22.b6 exf1=Q+ 23.Rxf1 Ne2+ 24.Qxe2 Qxb6+ 25.Naxb6 Rxe2 26.Bd4 Nxb6 0-1

[Event "12th EUR-ch"]
[Site "Aix-les-Bains FRA"]
[Date "2011.04.01"]
[Round "10.32"]
[White "Pantsulaia, Levan"]
[Black "Laznicka, Viktor"]
[Result "1-0"]
[WhiteElo "2595"]
[BlackElo "2688"]
[EventDate "2011.03.22"]
[PlyCount "75"]

1.Nf3 d5 2.g3 Nf6 3.Bg2 g6 4.c4 c6 5.b3 Bg7 6.Bb2 O-O 7.d3 b6 8.Nbd2 Bb7 
9.O-O c5 10.cxd5 Nxd5 11.Bxg7 Kxg7 12.Qc2 Nc6 13.Qb2+ f6 14.Ng5 Nc7 15.b4 
e5 16.b5 Na5 17.Ngf3 Qd7 18.a4 Rad8 19.h4 Ne6 20.Bh3 Qe7 21.Rfe1 Rd6 22.
Nh2 Rfd8 23.Nhf1 Nd4 24.Ne3 f5 25.Nec4 Nxc4 26.Nxc4 Rf6 27.a5 e4 28.Bg2 f4
29.gxf4 Qc7 30.e3 Nf3+ 31.Bxf3 exf3 32.Ne5 Qc8 33.Kh2 c4 34.Rac1 Qf5 35.
Rxc4 Bc8 36.Rxc8 Rxc8 37.Rg1 h6 38.Ng4 1-0

[Event "12th EUR-ch"]
[Site "Aix-les-Bains FRA"]
[Date "2011.04.01"]
[Round "10.33"]
[White "Sargissian, Gabriel"]
[Black "Jones, Gawain"]
[Result "1/2-1/2"]
[WhiteElo "2676"]
[BlackElo "2578"]
[EventDate "2011.03.22"]
[PlyCount "60"]

1.d4 e6 2.c4 f5 3.Nc3 Nf6 4.Qc2 Bb4 5.e3 b6 6.Bd3 Bb7 7.f3 c5 8.a3 Bxc3+ 
9.Qxc3 Nh5 10.Ne2 Qh4+ 11.g3 cxd4 12.Qxd4 Qe7 13.O-O O-O 14.b4 d6 15.Qc3 
Nd7 16.Nd4 Rf6 17.Bd2 Raf8 18.Rad1 e5 19.Nxf5 Rxf5 20.Bxf5 Rxf5 21.e4 Rf8 
22.Be3 Nhf6 23.Qd3 Rc8 24.Qxd6 Qxd6 25.Rxd6 Rxc4 26.Rfd1 Bc6 27.g4 Ba4 28.
Rc1 Rxc1+ 29.Bxc1 Kf7 30.Rd3 Ke7 1/2-1/2

[Event "12th EUR-ch"]
[Site "Aix-les-Bains FRA"]
[Date "2011.04.01"]
[Round "10.34"]
[White "Tregubov, Pavel"]
[Black "Akopian, Vladimir"]
[Result "0-1"]
[WhiteElo "2598"]
[BlackElo "2675"]
[EventDate "2011.03.22"]
[PlyCount "54"]

1.d4 Nf6 2.c4 e6 3.Nf3 c5 4.d5 d6 5.Nc3 exd5 6.cxd5 g6 7.Nd2 Nbd7 8.e4 Bg7
9.Be2 O-O 10.O-O Re8 11.f4 Nb6 12.a4 a5 13.h3 h5 14.Qe1 Bd7 15.Qg3 Nfxd5 
16.exd5 Bxc3 17.bxc3 Rxe2 18.f5 h4 19.Qd3 Qe8 20.fxg6 fxg6 21.Nc4 Nxc4 22.
Qxc4 Re4 23.Qb3 Bxa4 24.Qb2 Bb5 25.c4 Bxc4 26.Bh6 Qe5 27.Qxb7 Bxd5 0-1

[Event "12th EUR-ch"]
[Site "Aix-les-Bains FRA"]
[Date "2011.04.01"]
[Round "10.35"]
[White "Grachev, Boris"]
[Black "Guseinov, Gadir"]
[Result "1/2-1/2"]
[WhiteElo "2675"]
[BlackElo "2584"]
[EventDate "2011.03.22"]
[PlyCount "105"]

1.d4 g6 2.Nf3 Bg7 3.e4 d6 4.h3 Nf6 5.Bd3 O-O 6.O-O Nbd7 7.Nbd2 e5 8.c3 b6 
9.a4 a5 10.Re1 Nh5 11.Nc4 h6 12.Bc2 Bb7 13.Be3 Re8 14.d5 Ba6 15.Na3 Nf4 
16.Bxf4 exf4 17.Bd3 Bxd3 18.Qxd3 Nc5 19.Qc2 Re7 20.Nb5 Qe8 21.Kf1 Rd8 22.
Na7 Rxe4 23.Nc6 Ra8 24.Nd2 Rxe1+ 25.Rxe1 Qd7 26.Ne4 Re8 27.Nxc5 Rxe1+ 28.
Kxe1 dxc5 29.Qe4 Bf8 30.Ke2 Bd6 31.Kd3 Qc8 32.Na7 Qd7 33.Nc6 Qc8 34.Na7 
Qd8 35.Kc4 Qh4 36.Qf3 Qe7 37.Kb5 Qe8+ 38.Nc6 Qe1 39.c4 h5 40.b3 f5 41.Ka6 
h4 42.Kb7 Kh7 43.Nd8 Qe4 44.Nf7 Qxf3 45.gxf3 Kg7 46.Nxd6 cxd6 47.Kc7 g5 
48.Kxd6 g4 49.Kc7 gxh3 50.d6 h2 51.d7 h1=Q 52.d8=Q h3 53.Qg5+ 1/2-1/2

[Event "12th EUR-ch"]
[Site "Aix-les-Bains FRA"]
[Date "2011.04.01"]
[Round "10.36"]
[White "Pelletier, Yannick"]
[Black "Bologan, Viorel"]
[Result "0-1"]
[WhiteElo "2593"]
[BlackElo "2671"]
[EventDate "2011.03.22"]
[PlyCount "62"]

1.Nf3 c5 2.c4 Nc6 3.d4 cxd4 4.Nxd4 g6 5.e4 Bg7 6.Be3 Nf6 7.Nc3 d6 8.Be2 
O-O 9.O-O Bd7 10.Nb3 a5 11.Rc1 a4 12.Nd2 a3 13.b3 Nb4 14.f3 Bc6 15.Ndb1 
Nd7 16.Kh1 Qa5 17.Bd2 Qb6 18.Qe1 e6 19.Na4 Rxa4 20.bxa4 Nxa2 21.Rd1 Bxa4 
22.Ba5 Qc5 23.Rd3 Bc2 24.Rxa3 Bxb1 25.Rb3 Bc2 26.Rxb7 Ba4 27.Qd2 Ra8 28.
Bc7 Qc6 29.Rfb1 Nc3 30.R1b4 Nxe2 31.Qxe2 Bb5 0-1

[Event "12th EUR-ch"]
[Site "Aix-les-Bains FRA"]
[Date "2011.04.01"]
[Round "10.37"]
[White "Georgiev, Kiril"]
[Black "Halkias, Stelios"]
[Result "1/2-1/2"]
[WhiteElo "2666"]
[BlackElo "2579"]
[EventDate "2011.03.22"]
[PlyCount "74"]

1.d4 f5 2.g3 Nf6 3.Bg2 g6 4.Nf3 Bg7 5.O-O O-O 6.c4 d6 7.Nc3 e6 8.Qc2 Nc6 
9.b3 Qe7 10.Bb2 Bd7 11.Rad1 Rae8 12.Rfe1 Nd8 13.e4 fxe4 14.Nxe4 Nxe4 15.
Qxe4 Bc6 16.Qe2 Qf6 17.Rd3 Nf7 18.Re3 Nh6 19.Bc3 Bd7 20.Ba1 Nf5 21.Re4 Qd8
22.Qd2 Bh6 23.Qd3 Bg7 24.h4 h6 25.Bc3 Qf6 26.Ba1 Qd8 27.Qd2 Kh7 28.Qa5 Bc6
29.d5 exd5 30.Rxe8 Rxe8 31.Bxg7 Nxg7 32.cxd5 b6 33.Rxe8 Nxe8 34.Qd2 Bd7 
35.Nd4 Ng7 36.Qc3 Nf5 37.Ne6 Qe7 1/2-1/2

[Event "12th EUR-ch"]
[Site "Aix-les-Bains FRA"]
[Date "2011.04.01"]
[Round "10.38"]
[White "Zvjaginsev, Vadim"]
[Black "Ter-Sahakyan, Samvel"]
[Result "1/2-1/2"]
[WhiteElo "2663"]
[BlackElo "2575"]
[EventDate "2011.03.22"]
[PlyCount "49"]

1.e4 c5 2.Nf3 d6 3.d4 Nf6 4.Nc3 cxd4 5.Qxd4 e6 6.Bg5 Nc6 7.Bb5 Be7 8.O-O-O
O-O 9.Bxc6 bxc6 10.e5 dxe5 11.Qxd8 Rxd8 12.Rxd8+ Bxd8 13.Nxe5 Bb6 14.f3 
Nd5 15.Nxc6 Nxc3 16.bxc3 Bb7 17.Nb4 f6 18.Bd2 e5 19.Re1 a5 20.Nd3 Bd5 21.
Kb2 Rb8 22.Ka1 Rc8 23.Kb2 Rb8 24.Ka1 Rc8 25.Kb2 1/2-1/2

[Event "12th EUR-ch"]
[Site "Aix-les-Bains FRA"]
[Date "2011.04.01"]
[Round "10.39"]
[White "Shengelia, David"]
[Black "Fridman, Daniel"]
[Result "0-1"]
[WhiteElo "2573"]
[BlackElo "2661"]
[EventDate "2011.03.22"]
[PlyCount "116"]

1.d4 c5 2.e3 cxd4 3.exd4 d5 4.c4 Nf6 5.Nc3 Nc6 6.Nf3 Be6 7.c5 g6 8.Bb5 Bg7
9.Ne5 Bd7 10.Be3 O-O 11.Nxd7 Nxd7 12.Nxd5 Ndb8 13.Bc4 e6 14.Nc3 Nxd4 15.
O-O Nbc6 16.Ne4 Qc7 17.Bg5 h6 18.Bf6 Bxf6 19.Nxf6+ Kg7 20.Ne4 f5 21.Nd6 
Qa5 22.b4 Qxb4 23.Rb1 Qxc5 24.Rxb7+ Kf6 25.Bb5 Ne5 26.Kh1 Rad8 27.Ne8+ 
Rfxe8 28.Bxe8 Rxe8 29.f4 Nec6 30.Qe1 Re7 31.Qh4+ Kg7 32.Rfb1 Qd6 33.h3 Rc7
34.Qf2 Qe7 35.Rxc7 Qxc7 36.Qe3 Kf6 37.a4 g5 38.fxg5+ hxg5 39.Qc3 Qe5 40.
Qa3 Ne7 41.Rb7 Qe1+ 42.Kh2 Nd5 43.Qf8+ Ke5 44.Qg7+ Ke4 45.Rb2 Ne3 46.Qb7+ 
Kf4 47.Qb4 Qxb4 48.Rxb4 e5 49.a5 Nf1+ 50.Kg1 Ng3 51.a6 Ke3 52.h4 g4 53.Kh2
Kf2 54.h5 Nde2 55.Rb2 Nxh5 56.Rb3 e4 57.Ra3 Nhg3 58.Rxg3 e3 0-1

[Event "12th EUR-ch"]
[Site "Aix-les-Bains FRA"]
[Date "2011.04.01"]
[Round "10.40"]
[White "Smeets, Jan"]
[Black "Zhigalko, Andrey"]
[Result "1-0"]
[WhiteElo "2660"]
[BlackElo "2571"]
[EventDate "2011.03.22"]
[PlyCount "87"]

1.e4 c5 2.Nf3 d6 3.d4 cxd4 4.Nxd4 Nf6 5.Nc3 Nc6 6.Bg5 e6 7.Qd2 Qb6 8.O-O-O
Qxd4 9.Qxd4 Nxd4 10.Rxd4 a6 11.Bxf6 gxf6 12.Na4 Bd7 13.Nb6 Rd8 14.Nxd7 
Rxd7 15.Be2 Rg8 16.g3 Rg5 17.b4 Ke7 18.Rhd1 Rg8 19.Rc4 Bg7 20.Rd3 Rgd8 21.
Bf3 Rb8 22.Ra3 Kd8 23.Kd1 Bf8 24.Ra5 Rc7 25.Rxc7 Kxc7 26.a3 Rd8 27.Rh5 h6 
28.Kd2 Bg7 29.c4 Rg8 30.Ra5 Bf8 31.Bh5 Rg5 32.Bxf7 Rxa5 33.bxa5 Kd7 34.f4 
Be7 35.f5 exf5 36.Bd5 Kc8 37.exf5 Bd8 38.Ke3 Bxa5 39.Kf4 Bd2+ 40.Kg4 b6 
41.Kh5 Kd8 42.Kg6 Ke7 43.Kg7 h5 44.h4 1-0

[Event "12th EUR-ch"]
[Site "Aix-les-Bains FRA"]
[Date "2011.04.01"]
[Round "10.41"]
[White "Jaracz, Pawel"]
[Black "Nyback, Tomi"]
[Result "1/2-1/2"]
[WhiteElo "2565"]
[BlackElo "2656"]
[EventDate "2011.03.22"]
[PlyCount "88"]

1.Nf3 d5 2.d4 Nf6 3.c4 e6 4.Nc3 c6 5.Bg5 h6 6.Bxf6 Qxf6 7.e3 Nd7 8.Bd3 
dxc4 9.Bxc4 g6 10.O-O Bg7 11.Re1 O-O 12.e4 e5 13.d5 Nb6 14.Bb3 Bg4 15.Re3 
Rad8 16.Qe2 cxd5 17.Nxd5 Nxd5 18.Bxd5 Qe7 19.Rd1 Kh8 20.h3 Bc8 21.Rc3 Be6 
22.Rcd3 Bxd5 23.Rxd5 Rxd5 24.Rxd5 Rc8 25.g3 Kh7 26.Kg2 Rc7 27.a3 Qe6 28.
Qd3 Qb6 29.Rd7 Qc6 30.Rxc7 Qxc7 31.Qd5 f6 32.Nh4 Bf8 33.Qe6 Kg7 34.Qe8 Qf7
35.Qc8 b6 36.b4 a5 37.bxa5 bxa5 38.a4 Bb4 39.Kg1 Qf8 40.Qd7+ Qf7 41.Qc8 
Qf8 42.Qxf8+ Bxf8 43.Kf1 Be7 44.Nf3 Kf7 1/2-1/2

[Event "12th EUR-ch"]
[Site "Aix-les-Bains FRA"]
[Date "2011.04.01"]
[Round "10.42"]
[White "Andriasian, Zaven"]
[Black "Papin, Vasily"]
[Result "1-0"]
[WhiteElo "2645"]
[BlackElo "2569"]
[EventDate "2011.03.22"]
[PlyCount "69"]

1.e4 c5 2.Nf3 e6 3.Nc3 a6 4.d4 cxd4 5.Nxd4 Qc7 6.Bd3 d6 7.a4 b6 8.O-O Nd7 
9.f4 Ngf6 10.Qe2 Bb7 11.Bd2 g6 12.Rae1 Bg7 13.Nf3 O-O 14.Kh1 Rfe8 15.Qf2 
d5 16.e5 Ne4 17.Bxe4 dxe4 18.Ng5 f5 19.exf6 Nxf6 20.Be3 h6 21.Bxb6 Qc4 22.
Nh3 Rac8 23.a5 Qb4 24.Nd1 e3 25.Nxe3 Qxb2 26.c4 Qa3 27.Rd1 Ne4 28.Qc2 Qc3 
29.Qxc3 Nxc3 30.Rd7 Be4 31.Nf2 Bh8 32.Nfg4 Kf8 33.Rh7 Bg7 34.Rxg7 h5 35.
Nf6 1-0

[Event "12th EUR-ch"]
[Site "Aix-les-Bains FRA"]
[Date "2011.04.01"]
[Round "10.43"]
[White "Sokolov, Ivan"]
[Black "Stefansson, Hannes"]
[Result "1-0"]
[WhiteElo "2643"]
[BlackElo "2557"]
[EventDate "2011.03.22"]
[PlyCount "91"]

1.d4 d5 2.c4 c6 3.Nf3 Nf6 4.Nc3 e6 5.g3 dxc4 6.Bg2 Nbd7 7.e4 Be7 8.O-O O-O
9.Bf4 Re8 10.a4 Nf8 11.a5 Ng6 12.e5 Nd5 13.Bd2 c5 14.dxc5 Nxc3 15.Bxc3 
Bxc5 16.Nd2 Qc7 17.Nxc4 Rd8 18.Qf3 Rb8 19.h4 Bd7 20.h5 Bc6 21.Qg4 Bxg2 22.
Kxg2 Bd4 23.hxg6 Qxc4 24.Qh4 Qd5+ 25.f3 Bxc3 26.Rad1 Bd4 27.Qxh7+ Kf8 28.
Qh8+ Ke7 29.Qxg7 Kd7 30.Rc1 Qxe5 31.Qxf7+ Kd6 32.Rfe1 Qf6 33.Qc7+ Kd5 34.
Qc4+ Kd6 35.Qc7+ Kd5 36.a6 e5 37.Qc4+ Kd6 38.Qc7+ Kd5 39.axb7 Qb6 40.Qf7+ 
Kd6 41.Qf6+ Kd5 42.Qf7+ Kd6 43.g7 Qxb7 44.Qg6+ Kd7 45.Rh1 e4 46.Qf7+ 1-0

[Event "12th EUR-ch"]
[Site "Aix-les-Bains FRA"]
[Date "2011.04.01"]
[Round "10.44"]
[White "Alexandrov, Alexei"]
[Black "Shimanov, Aleksandr"]
[Result "1-0"]
[WhiteElo "2638"]
[BlackElo "2550"]
[EventDate "2011.03.22"]
[PlyCount "135"]

1.d4 Nf6 2.c4 g6 3.Nc3 Bg7 4.e4 O-O 5.Bg5 d6 6.Qd2 Na6 7.Bd3 e5 8.d5 Qe8 
9.Nge2 Nh5 10.f3 f5 11.O-O-O f4 12.Bh4 c5 13.dxc6 bxc6 14.Bc2 Bf6 15.Bf2 
Be7 16.Na4 Be6 17.Bb3 Qf7 18.Qa5 Bxc4 19.Nec3 Bxb3 20.axb3 Nb8 21.Qc7 Nf6 
22.b4 Nbd7 23.Qxc6 Rfc8 24.Qa6 Qb3 25.Kb1 Qxb4 26.Rd2 Rc4 27.Rc1 Kf7 28.
Na2 Qxd2 29.Qxc4+ d5 30.exd5 Qxf2 31.d6+ Kg7 32.dxe7 Qxg2 33.Nc5 Nxc5 34.
Qxc5 Qxf3 35.Qxe5 Qe4+ 36.Qxe4 Nxe4 37.Nb4 Re8 38.Nc6 Kf6 39.Rd1 g5 40.Kc2
Kf7 41.b4 a6 42.Ra1 Ke6 43.Rxa6 Kd5 44.Kd3 Nd6 45.Nd4 Nc4 46.Nf5 Ke5 47.
Nh6 Kd5 48.Nf5 Ne5+ 49.Ke2 Nc6 50.Kf3 Ne5+ 51.Kg2 Nc6 52.Kf3 Ne5+ 53.Kf2 
Nc6 54.Rb6 Ke5 55.Nh6 Nd4 56.Nf7+ Kd5 57.Rd6+ Kc4 58.Rxd4+ Kxd4 59.Nd6 
Rxe7 60.Nf5+ Kc4 61.Nxe7 Kxb4 62.Kf3 Kc4 63.Nf5 Kd3 64.Nd6 h5 65.Ne4 g4+ 
66.Kxf4 Ke2 67.Kg3 Kf1 68.Nf6 1-0

[Event "12th EUR-ch"]
[Site "Aix-les-Bains FRA"]
[Date "2011.04.01"]
[Round "10.45"]
[White "Hovhannisyan, Robert"]
[Black "Bartel, Mateusz"]
[Result "0-1"]
[WhiteElo "2560"]
[BlackElo "2638"]
[EventDate "2011.03.22"]
[PlyCount "102"]

1.e4 e5 2.Nf3 Nc6 3.Bb5 a6 4.Ba4 Nf6 5.O-O b5 6.Bb3 Bb7 7.d3 Bd6 8.a4 h6 
9.Nc3 b4 10.Ne2 Na5 11.Ba2 O-O 12.Ng3 Re8 13.c3 c5 14.cxb4 cxb4 15.Re1 Rb8
16.d4 exd4 17.Nf5 Bf8 18.e5 b3 19.exf6 Bxf3 20.gxf3 Qxf6 21.Bb1 g6 22.Ng3 
d5 23.Bd3 Nc4 24.Rxe8 Rxe8 25.f4 h5 26.f5 h4 27.fxg6 fxg6 28.Nf1 Bd6 29.
Qxb3 Qe6 30.Qd1 Ne5 31.f4 Nxd3 32.Qxd3 Qg4+ 33.Kf2 Bxf4 34.Bxf4 Qxf4+ 35.
Kg2 Qg4+ 36.Kf2 h3 37.Ng3 Re3 38.Qxe3 dxe3+ 39.Kxe3 Qb4 40.Rd1 Qxb2 41.
Rxd5 Qxh2 42.Rd8+ Kf7 43.Kf3 Qg2+ 44.Kg4 h2 45.Rh8 Kg7 46.Rh4 a5 47.Rh3 
Qc2 48.Kf3 Qd1+ 49.Kf2 Qg1+ 50.Kf3 Kf7 51.Rh6 Qd1+ 0-1

[Event "12th EUR-ch"]
[Site "Aix-les-Bains FRA"]
[Date "2011.04.01"]
[Round "10.46"]
[White "Hracek, Zbynek"]
[Black "Sanikidze, Tornike"]
[Result "1-0"]
[WhiteElo "2631"]
[BlackElo "2542"]
[EventDate "2011.03.22"]
[PlyCount "57"]

1.c4 g6 2.d4 Bg7 3.e4 d6 4.Nc3 e5 5.Nf3 exd4 6.Nxd4 Ne7 7.h4 Nbc6 8.Be3 f5
9.h5 fxe4 10.hxg6 hxg6 11.Rxh8+ Bxh8 12.Nxe4 Qd7 13.Be2 Nf5 14.Nxf5 Qxf5 
15.Ng5 Bd7 16.Bd3 Qa5+ 17.Kf1 O-O-O 18.Rb1 Qxa2 19.b4 Bf5 20.Bxf5+ gxf5 
21.Qd3 Ne5 22.Qxf5+ Kb8 23.c5 dxc5 24.bxc5 Bg7 25.Ne6 Rh8 26.Kg1 Nf3+ 27.
gxf3 Be5 28.Ng5 Qd5 29.Qe4 1-0

[Event "12th EUR-ch"]
[Site "Aix-les-Bains FRA"]
[Date "2011.04.01"]
[Round "10.47"]
[White "Sedlak, Nikola"]
[Black "Safarli, Eltaj"]
[Result "1/2-1/2"]
[WhiteElo "2556"]
[BlackElo "2628"]
[EventDate "2011.03.22"]
[PlyCount "48"]

1.d4 Nf6 2.Bg5 g6 3.Bxf6 exf6 4.e3 f5 5.g3 h5 6.h4 d6 7.Bg2 Nd7 8.Ne2 Bh6 
9.Qd3 O-O 10.c4 Nf6 11.Nbc3 Ng4 12.Nf4 Re8 13.Kf1 Rb8 14.Bf3 c5 15.Kg2 Bd7
16.Rhd1 Bc6 17.Bd5 Qf6 18.Rac1 Bxf4 19.exf4 Bxd5+ 20.Nxd5 Qxd4 21.Qxd4 
cxd4 22.Rc2 Re4 23.f3 Ne3+ 24.Nxe3 Rxe3 1/2-1/2

[Event "12th EUR-ch"]
[Site "Aix-les-Bains FRA"]
[Date "2011.04.01"]
[Round "10.48"]
[White "Vuckovic, Bojan"]
[Black "Manolache, Marius"]
[Result "1-0"]
[WhiteElo "2626"]
[BlackElo "2546"]
[EventDate "2011.03.22"]
[PlyCount "73"]

1.e4 c5 2.Nf3 e6 3.d4 cxd4 4.Nxd4 a6 5.Nc3 Qc7 6.Bd3 Nf6 7.O-O Bc5 8.Nb3 
Be7 9.f4 d6 10.e5 dxe5 11.fxe5 Qxe5 12.Bf4 Qh5 13.Be2 Qg6 14.h4 h5 15.Bg5 
Ng4 16.Bd3 f5 17.Bxe7 Kxe7 18.Qe2 Kf7 19.Ne4 Rd8 20.Ng5+ Kf8 21.Nc5 Re8 
22.Rae1 e5 23.Bxf5 Bxf5 24.Rxf5+ Kg8 25.Qc4+ Kh8 26.Nf7+ Kh7 27.Rg5 b5 28.
Qd5 Qc6 29.Rxh5+ Nh6 30.Qd3+ Kg8 31.Nxh6+ gxh6 32.Rhxe5 Rxe5 33.Rxe5 Ra7 
34.Qd8+ Kh7 35.Qxb8 Rg7 36.Ne4 Qg6 37.g3 1-0

[Event "12th EUR-ch"]
[Site "Aix-les-Bains FRA"]
[Date "2011.04.01"]
[Round "10.49"]
[White "Romanov, Evgeny"]
[Black "Alsina Leal, Daniel"]
[Result "1-0"]
[WhiteElo "2624"]
[BlackElo "2538"]
[EventDate "2011.03.22"]
[PlyCount "105"]

1.e4 c5 2.b3 Nc6 3.Bb2 e5 4.Bc4 Nf6 5.Nc3 Be7 6.d3 d6 7.Nge2 O-O 8.O-O Be6
9.Qd2 d5 10.exd5 Nxd5 11.Bxd5 Bxd5 12.f4 Bf6 13.Nxd5 Qxd5 14.Kh1 Qd8 15.f5
Bg5 16.Qd1 f6 17.Ng3 b6 18.Ne4 Bh6 19.Qf3 Nd4 20.Qf2 Be3 21.Qxe3 Nxc2 22.
Qe2 Nxa1 23.Bxa1 Qd5 24.Rf3 Rad8 25.Bb2 Rf7 26.Rh3 b5 27.Qh5 h6 28.Rg3 c4 
29.Rxg7+ Kxg7 30.Qg6+ Kh8 31.Nxf6 Rxf6 32.Qxf6+ Kg8 33.Qg6+ Kh8 34.Qxh6+ 
Kg8 35.Qg6+ Kh8 36.bxc4 bxc4 37.Qh6+ Kg8 38.Qg6+ Kh8 39.Qg3 Re8 40.Qh4+ 
Kg7 41.Qg5+ Kf7 42.Ba3 Qc6 43.dxc4 Rb8 44.h3 Qf6 45.Qh5+ Kg7 46.Qg4+ Kh7 
47.Qe4 Kg8 48.c5 Kh7 49.c6 Rc8 50.Bb2 Rxc6 51.Bxe5 Rc1+ 52.Kh2 Qc6 53.Qg4 
1-0

[Event "12th EUR-ch"]
[Site "Aix-les-Bains FRA"]
[Date "2011.04.01"]
[Round "10.50"]
[White "Maze, Sebastien"]
[Black "L'Ami, Erwin"]
[Result "1/2-1/2"]
[WhiteElo "2559"]
[BlackElo "2623"]
[EventDate "2011.03.22"]
[PlyCount "65"]

1.e4 e6 2.d4 d5 3.Nc3 Bb4 4.exd5 exd5 5.Bd3 Nc6 6.a3 Be7 7.Nce2 Bf6 8.c3 
Nge7 9.Qc2 g6 10.Bf4 Bf5 11.Nf3 Qd7 12.Bxf5 Nxf5 13.O-O O-O 14.Nc1 Rae8 
15.Nd3 Nd8 16.Nc5 Qc6 17.Qb3 Ne6 18.Nxe6 Rxe6 19.Rfe1 Rfe8 20.Rxe6 Rxe6 
21.Re1 Nh4 22.Re3 Nxf3+ 23.gxf3 Kg7 24.Kg2 b6 25.a4 a6 26.Qd1 Qd7 27.Qe2 
Qc8 28.Rxe6 fxe6 29.Be5 Bxe5 30.Qxe5+ Kf7 31.Qf4+ Kg7 32.Qe5+ Kf7 33.Qf4+ 
1/2-1/2

[Event "12th EUR-ch"]
[Site "Aix-les-Bains FRA"]
[Date "2011.04.01"]
[Round "10.71"]
[White "Van Kampen, Robin"]
[Black "Mastrovasilis, Dimitrios"]
[Result "0-1"]
[WhiteElo "2456"]
[BlackElo "2584"]
[EventDate "2011.03.22"]
[PlyCount "80"]

1.e4 e5 2.Nf3 Nc6 3.Bb5 Nf6 4.O-O Nxe4 5.d4 Nd6 6.Bxc6 dxc6 7.dxe5 Nf5 8.
Qxd8+ Kxd8 9.Nc3 Ke8 10.h3 h5 11.Bf4 Be6 12.Ng5 Rd8 13.Nxe6 fxe6 14.Ne2 
Be7 15.Rad1 Kf7 16.g4 hxg4 17.hxg4 Nh4 18.Bg3 a5 19.Nc3 Nf3+ 20.Kg2 Nd2 
21.Rh1 Rxh1 22.Kxh1 Nf3 23.Rxd8 Bxd8 24.Ne4 Ne1 25.c4 Nd3 26.b3 Nc1 27.Nc3
Be7 28.Bf4 Nd3 29.Bg3 Ba3 30.f4 g6 31.Kg2 Nc1 32.Bh4 Bb4 33.Ne4 Nxa2 34.
Bd8 Ke8 35.Bxc7 Nc1 36.Bd6 Bxd6 37.Nxd6+ Kd7 38.Nxb7 Nxb3 39.f5 exf5 40.
gxf5 gxf5 0-1

[Event "12th EUR-ch"]
[Site "Aix-les-Bains FRA"]
[Date "2011.04.01"]
[Round "10.72"]
[White "Berbatov, Kiprian"]
[Black "Mikhalevski, Victor"]
[Result "1-0"]
[WhiteElo "2454"]
[BlackElo "2584"]
[EventDate "2011.03.22"]
[PlyCount "83"]

1.e4 e5 2.Nf3 Nc6 3.Nc3 Nf6 4.Bb5 Nd4 5.Ba4 c6 6.Nxe5 d5 7.d3 Bd6 8.f4 Bc5
9.exd5 O-O 10.dxc6 bxc6 11.Kf1 Re8 12.Bb3 Nxb3 13.axb3 Qd4 14.Qe2 Bg4 15.
Qe1 a5 16.Ra4 Qd8 17.Be3 Bb4 18.h3 Bd7 19.Qf2 Nd5 20.Bd2 f6 21.Nxd7 Qxd7 
22.Kg1 Ne7 23.Kh2 Nf5 24.Ne4 Bxd2 25.Qxd2 Nd4 26.Re1 f5 27.Qf2 Nb5 28.Ng5 
Rxe1 29.Qxe1 Re8 30.Qxa5 h6 31.Nf3 Re2 32.Qa8+ Kh7 33.Rc4 Na7 34.Qf8 Qd5 
35.Nh4 g6 36.Rc5 Qd7 37.Re5 Rxe5 38.fxe5 Nb5 39.Qf6 Qe8 40.e6 Nc7 41.e7 f4
42.Qd6 1-0

[Event "12th EUR-ch"]
[Site "Aix-les-Bains FRA"]
[Date "2011.04.01"]
[Round "10.73"]
[White "Schroll, Gerhard"]
[Black "Mamedov, Nidjat"]
[Result "0-1"]
[WhiteElo "2449"]
[BlackElo "2583"]
[EventDate "2011.03.22"]
[PlyCount "68"]

1.e4 c5 2.c3 Nf6 3.e5 Nd5 4.Bc4 Nb6 5.Bb3 c4 6.Bc2 Nc6 7.Nf3 Qc7 8.Qe2 g5 
9.e6 f6 10.Na3 dxe6 11.Nxc4 g4 12.Nxb6 axb6 13.Nh4 Nd4 14.cxd4 Qxc2 15.
Qxg4 Ra5 16.O-O Bd7 17.Re1 Kf7 18.b4 Rg5 19.Qe2 Rhg8 20.g3 Rg4 21.Ng2 Rxd4
22.Qh5+ Qg6 23.Qxg6+ hxg6 24.a3 Bh6 25.Ne3 Rc8 26.Nf1 Rd3 27.Bb2 b5 28.Bc3
g5 29.Ne3 e5 30.g4 Bc6 31.h3 Rh8 32.Kf1 Bf3 33.Nf5 Bf8 34.Re3 Rxh3 0-1

[Event "12th EUR-ch"]
[Site "Aix-les-Bains FRA"]
[Date "2011.04.01"]
[Round "10.74"]
[White "Javakhishvili, Lela"]
[Black "Kozul, Zdenko"]
[Result "1-0"]
[WhiteElo "2437"]
[BlackElo "2568"]
[EventDate "2011.03.22"]
[PlyCount "59"]

1.d4 Nf6 2.c4 g6 3.g3 Bg7 4.Bg2 O-O 5.Nf3 d6 6.Nc3 c6 7.O-O a6 8.e4 Bg4 9.
h3 Bxf3 10.Bxf3 Nfd7 11.Be3 c5 12.d5 b5 13.Be2 b4 14.Na4 a5 15.h4 Re8 16.
h5 Nb6 17.Nxb6 Qxb6 18.hxg6 hxg6 19.Qd2 a4 20.Rad1 Nd7 21.Kg2 Nf6 22.Bf3 
b3 23.a3 Qa6 24.Rh1 Qxc4 25.Bh6 Nxe4 26.Qe3 f5 27.Bxg7 Kxg7 28.Qh6+ Kf7 
29.Qh7+ Kf6 30.Rh6 1-0